00650nam a22002177a 450000500170000001000130001702000220003003500130005203700160006504000120008108200130009310000210010624500760012725000110020326000440021427000550025830000270031350000490034065000150038965000280040420170124110256.0 aA-895855 c00.00a8122410243 aA-895855 bCen Lib/Ret aDPLbEN a531bGUP aGupta, Kiran C.  aClassical mechanics of particles and rigid bodies /cby Kiran C. Gupta  a2nd ed aNew Delhi bNew Age Internationalc1997 a4835/24 Ansari Road Daryaganj bNew Delhi e110002 axx, 666p. :c24cm(pbk) aIncludes bibliographical references andindex aMechanics. aPriciples of Mechanics.